=LDR 00000nam 2200000 4500 =001 INLIS000000000019890 =005 20130612114912 =008 ***********************************Ind** =035 ##$$0010-061300000019890 =041 ##$$a Ind =082 ##$$a 828.83 =090 ##$$a 828.83, Els u =100 ##$$a Elsna, Hebe =245 ##$$a Unwanted wife, Hebe Elsna =260 ##$$a 1963 $b London =300 ##$$a 238 hlm, 31 cm =650 ##$$a Kesusastraan Inggris-Penulisan =850 ##$$a NBPNMAT